Design and realisation of an NFC-based Mobile Payment System

Gespeichert in:
Bibliographische Detailangaben
1. Verfasser: Urban, Jakub, 1989- (Verfasst von)
Weitere Verfasser: Vorstermans, Annemie, 1- (Betreuung Doktorarbeit)
Format: Manuskript Buch
Sprache:Englisch
Veröffentlicht: Trnava : STU v Bratislave MTF UIAM, 2013
Online-Zugang:VAIS
Tags: Tag hinzufügen
Keine Tags, Fügen Sie das erste Tag hinzu!

MARC

LEADER 00000ntm a22000003a 4500
001 stu268166
005 20160719160731.4
008 130612s2013----xo------------------eng-d
040 |a STU  |b slo 
041 0 |a eng 
044 |a xo 
100 1 |a Urban, Jakub,  |d 1989-  |4 aut  |X 52242  |7 A000052242 
242 0 0 |a Návrh a realizácia mobilného platobného systému s využitím technológie NFC  |y slo 
245 1 |a Design and realisation of an NFC-based Mobile Payment System 
260 |a Trnava :  |b STU v Bratislave MTF UIAM,  |c 2013 
700 1 |a Vorstermans, Annemie,  |d 1-  |4 ths  |X 54980  |7 A000054980 
856 4 |a info a plný text  |u http://is.stuba.sk/zp/portal_zp.pl?podrobnosti=103931  |3 VAIS 
996 |c M*DP-11648  |l MMSKP  |s P  |a 0  |w stu268166_0001